| Поле | Название | Значение |
| |
Тип записи |
a |
| |
Библиографический уровень |
m |
| 001 |
Контрольный номер |
f09b89dd575349a592046ca72a0ea3d4 |
| 005 |
Дата корректировки |
20140708104628.9 |
| 010 |
Индекс ISBN |
__ |
| a |
ISBN |
5-7749-0255-2 |
| 200 |
Заглавие и сведения об ответственности |
1_ |
| a |
Заглавие |
Реструктуризация кредитных организаций |
| e |
Сведения, относящиеся к заглавию |
[Учеб.-практ.пособие] |
| f |
Первые сведения об ответственности |
Ин-т государства и права РАН. Моск.гос.юрид.акад. Ассоц.рос.банков. Акад.нар.хоз-ва при Правительстве РФ |
| 210 |
Выходные данные |
1_ |
| a |
Место издания |
М. |
| c |
Издательство |
Дело |
| d |
Дата издания |
2002 |
| 215 |
Физическое описание |
__ |
| a |
Объем |
351 с. |
| 225 |
Серия |
2_ |
| a |
Серия |
Серия"Банковское и финансовое право" |
| 610 |
Ключевые слова |
0_ |
| a |
Ключевые слова |
кредитные организации |
| 610 |
Ключевые слова |
0_ |
| a |
Ключевые слова |
реструктуризация |
| 610 |
Ключевые слова |
0_ |
| a |
Ключевые слова |
законодательство |
| 610 |
Ключевые слова |
0_ |
| a |
Ключевые слова |
финансы |
| 610 |
Ключевые слова |
0_ |
| a |
Ключевые слова |
кредит |
| 610 |
Ключевые слова |
0_ |
| a |
Ключевые слова |
мировое соглашение |
| 610 |
Ключевые слова |
0_ |
| a |
Ключевые слова |
учебно-практическое пособие |
| 686 |
Индексы других классификаций |
__ |
| a |
Классификационный индекс |
65.9(2)261.6 |
| 2 |
Код системы |
rubbk |
| 686 |
Индексы других классификаций |
__ |
| a |
Классификационный индекс |
67.622 |
| 2 |
Код системы |
rubbk |
| 700 |
Автор |
_1 |
| a |
Фамилия |
Тосунян Гарегин Ашотович |
| 701 |
Альтернативная интеллектуальная ответственность |
_1 |
| a |
Фамилия |
Викулин Александр Юрьевич |
| 801 |
Источник записи |
_0 |
| a |
Страна |
RU |
| b |
Организация |
РУК |
| c |
Дата составления |
20031121 |
| g |
Правила каталогизации |
PSBO |
| 801 |
Источник записи |
_1 |
| a |
Страна |
RU |
| b |
Организация |
РУК |
| c |
Дата составления |
20031121 |
| g |
Правила каталогизации |
PSBO |
| 852 |
Данные о местонахождении |
__ |
| i |
Авторский знак |
Т62 |
| j |
Шифр хранения |
ББК 65.9(2)26 |
| 901 |
Тип документа |
__ |
| t |
Тип документа |
m |
| 938 |
Служебная информация |
__ |
| a |
Название организации |
Головной вуз |
| b |
Имя БД |
BOOK |
| c |
Название АИБС |
АИБС ИРБИС |